Normal view
MARC view
Entry Personal Name
001 - CONTROL NUMBER
- control field: 288
003 - CONTROL NUMBER IDENTIFIER
- control field: csc
005 - DATE AND TIME OF LATEST TRANSACTION
- control field: 20140507162049.0
008 - FIXED-LENGTH DATA ELEMENTS
- fixed length control field: 110209|||a|||||| | ||| d
040 ## - CATALOGING SOURCE
- Original cataloging agency: csc
- Transcribing agency: csc
100 ## - HEADING--PERSONAL NAME
- Personal name: Houlgate, Stephen.
670 ## - SOURCE DATA FOUND
- Source citation: Work cat.: (csc)0: Hegel, Georg Wilhelm Friedrich, 1770-1831. 511, The Hegel reader /, 1998.